00730 a2200385 4500000002100000001000700021005001700028008004100045010000500086020000500091082001600096100002000112110000500132245006500137250000500202260002800207300001000235490000700245500000500252600000500257610000500262611000500267630000500272650000500277651000500282654000500287700000900292710000900301711000500310720000500315730000500320740000500325752000500330856000900335BKB 07034620200902150821.0  a a a658.7bC77C1 aCook, Thomas A. a1 aCompliance in today's global supply chaincby Thomas A. Cook a aLondonbCRC Pressc2011 a267p. av a a a a a a a a abc abc a a a a a adf